| 000 | 01198nam0a22002651 4500 | ||
|---|---|---|---|
| 001 | v19\rc\1849811 | ||
| 005 | 20260405093425.0 | ||
| 035 | _a(NLR Aleph) 005263615 | ||
| 090 |
_a5926531 _c5926531 |
||
| 100 | _a20080221d1909 |||y0rusy50 ca | ||
| 101 | 0 | _arus | |
| 102 | _aRU | ||
| 105 | _aa z ||||| | ||
| 200 | 1 |
_aГигиена красоты _eНеобходимая кн. для женщин _eСост. по известным соч. А. Дебэ, Г. Кленке и др. _eПрил.: Домашнее приготовление косметических и туалетных принадлежностей: душистые умывания, благовонные мыла, помады... |
|
| 210 |
_aМосква _cскоропеч. А.А. Левенсон _d1909 |
||
| 215 |
_a64 с. _cил. _d22 |
||
| 702 | 1 |
_4100 _8rus _7ca _aДебе _bО. _f1802-1890 _gОгюст _3RU\NLR\AUTH\7734353 _917357 |
|
| 702 | 1 |
_aКленке _bГ. _f1813-1881 _gГерман _4100 |
|
| 801 | 0 |
_aRU _bNLR _c20080221 _gpsbo |
|
| 801 | 0 |
_aRU _bRuMoRGB _c20080221 _2psbo |
|
| 801 | 1 |
_aRU _bProSoft-M _c20080221 _2rusmarc |
|
| 801 | 2 |
_aRU _bNLR _c20121122 _2rusmarc |
|
| 852 |
_aNLR _j34.87.2.195 |
||
| 942 | _cBOOK | ||
| 980 | _aNB | ||